00486cam a2200181 a 4500001000800000005001700008008004100025010001700066020001500083040001800098041000800116080001700124082002100141100000700162101000800169245008600177504004100263149243020180131081043.0880531s1989 maua b 101 0 eng  a 88012954  a0262100398 aDLCcDLCdDLC aeng a338..06 DAL00a338..06 DAL219 a59 aCAP00aTechnology and capital formation /cedited by Dale W. Jorgenson and Ralph Landau. aIncludes bibliographies and indexes.